000 00842nam a2200265Ia 4500
001 21927
005 20260320113325.0
008 260320s9999||||xx |||||||||||||| ||und||
020 _a9786129903521
041 _aESP
082 _a303.625985
_bP26
100 _aParedes Valderrama, Álvaro,
_eAUT
245 0 _aViolencia política y el conflicto de las interpretaciones :
_bdesde Degregori, Flores-Galindo y Manrique
246 _a
_5
_b
250 _aPrimera edición
260 _aLima :
_bGrupo Editorial Estación La Cultura,
_c2025
300 _a148 páginas :
_b
_c24 cm.
_e
440 _a
_n
_v
650 _aCIS
653 _aViolencia en el conflicto armado interno
654 _aCHU
700 _a
_c
856 _uhttps://www-jstor-org.ucsp.lookproxy.com/
_zVéase además: Base de datos JSTOR
942 _cLIB
_dJUS
_fMIP
_2ddc
_n
999 _c21927
_d21927